Chowder characters by picture - Statistics

General Stats
  • This quiz has been taken 3 times
  • The average score is 7 of 16
Answer Stats
Picture Answer % Correct
Chowder
100%
Gazpacho
100%
Panini
100%
Shnitzel
100%
Gorgonzola
50%
Kimchi
50%
Ms. Endive
50%
Mung Daal
50%
Thrice Cream Man
50%
Truffles
50%
Ceviche
0%
Chestnut
0%
Kiwi
0%
Pate
0%
Reuben
0%
Stilton
0%
No matching quizzes found
Score Distribution
Percent of People with Each Score
Percentile by Number Answered
Your Score History
You have not taken this quiz